عرض عادي
عرض مارك
- Henderson, G. Robin.
مدخل إسم شخص
001 - رقم الضبط
- حقل الضبط: 11842
003 - معرف رقم الضبط
- حقل الضبط: OSt
005 - تاريخ ووقت أخر عملية
- حقل الضبط: 20120423042718.0
008 - عناصر بيانات ثابتة الطول
- حقل تحكم ثابت الطول: 120423|||a|||||| | ||| d
040 ## - مصدر الفهرسة
- هيئة الفهرسة الأصلية: OSt
- وكالة الكتابة: OSt
100 ## - مدخل -- أسم شخص
- إسم شخص: Henderson, G. Robin.
670 ## - بيانات المصدر موجوده
- الاستشهاد بالمصدر: Work cat.: (OSt)23814: Henderson, G. Robin., Six Sigma quality improvement with Minitab /, 2011.
